000 00224nam a22001097a 4500
041 _aeng
080 _a80
100 _aWendt, Heinz F.
245 _aLangenscheidts Verb-Tabellen Deutsch.
650 _aGerman
999 _c280815
_d280815
942 _cBK